| 000 | 00397cam a22001097a 4500 | ||
|---|---|---|---|
| 008 | 180718b1986 xxu||||| |||| 00| 0 eng d | ||
| 082 | _aT19065x5451 An24/2 | ||
| 245 |
_aReport on economic census, Andhra Pradesh, 1980 _cby Bureau of Economics and Statistics |
||
| 260 |
_aHyderabad _bGovernment of Andhra Pradesh _c1986 |
||
| 300 | _a268p | ||
| 700 | _aAndhra Pradesh. Bureau of Economics and Statistics | ||
| 999 |
_c497436 _d497436 |
||